| 000 | 01049nam a2200277 a 4500 | ||
|---|---|---|---|
| 001 | 000036006 | ||
| 005 | 20240228142235.0 | ||
| 008 | 111122s2011 dr ac 001 edspa d | ||
| 020 | _z978994588043 | ||
| 040 |
_aDO-SdBNP _bspa _cBNPHU |
||
| 082 |
_aRD860.4409 _bM433e |
||
| 100 | 1 |
_aMatos Moquete, Manuel, _d1944- _96349 |
|
| 245 | 1 | 0 |
_aEjercicios de crítica y apreciación literaria / _cManuel Matos Moquete. |
| 260 |
_aSanto Domingo : _bMinisterio de Educación Superior, _c2011. |
||
| 300 |
_a324 p. : _bil., retrs. ; _c23 cm. |
||
| 490 | 1 | _aHumanidades | |
| 504 | _aBibliografía: p.323-324. | ||
| 590 | _aInventariado, 2018/LP | ||
| 650 | 4 |
_aNovela dominicana _xHistoria y crítica _92210 |
|
| 650 | 4 |
_aEnsayos dominicanos _xHistoria y crítica _912408 |
|
| 650 | 4 |
_aPoesía dominicana _xHistoria y crítica _913072 |
|
| 650 | 4 |
_aLiteratura dominicana _xHistoria y crítica _9159 |
|
| 650 | 4 |
_aAutores dominicanos _ySIGLO XX _xCrítica e interpretación _962042 |
|
| 830 | 0 |
_aHumanidades _933453 |
|
| 910 | _aValidado. Control de calidad EMS. | ||
| 999 |
_c35497 _d35497 |
||